00706nam a2200217Ia 4500003000400000005001700004008004100021020001500062040001800077041000800095082002100103100002700124245005900151250001200210260004700222300001200269650003200281942002800313999001900341952012800360OSt20241203115628.0210716s1976 xx 000 0 und d a8120301765 cAIMIT LIBRARY aeng a005.74 21bMARJ aMartin, James.9187416 aPrinciples of database management /cBy James Martin.  a1st ed. aNew Delhi :bPHI Learning Pvt Ltd ,c1976. axvi,352 aDatabase Management9187417 2ddccBKe1k005.74 MARJ c189009d189009 001040708MCAaAIMITbAIMITeAthulya Booksg250.00l0o005.74 MARJpMCA08517r2026-05-23 00:00:00v195.00w2021-07-16yBK